Loading...
| History - World History | 0 | 3 | 0 | 0 | 30 | 70 | 109.00 | 1 | 3 |
| Fine Arts - Visual Fine Arts | 0 | 3 | 0 | 1 | 30 | 88 | 109.33 | 0 | 3 |
| Philosophy | 0 | 3 | 0 | 0 | 30 | 107 | 126.00 | 0 | 3 |
| History - European History | 0 | 2 | 0 | 1 | 20 | 87 | 108.50 | 0 | 2 |
| Literature - American Literature | 1 | 0 | 0 | 0 | 15 | 26 | 26.00 | 1 | 1 |
| Beliefs | 0 | 1 | 0 | 1 | 10 | 130 | 130.00 | 0 | 1 |
| Literature - European Literature | 0 | 1 | 0 | 0 | 10 | 136 | 136.00 | 0 | 1 |
| Other Science: Math | 0 | 1 | 0 | 0 | 10 | 138 | 138.00 | 0 | 1 |
| Social Science | 0 | 1 | 0 | 0 | 10 | 91 | 91.00 | 1 | 1 |
| 0 | 1 | 0 | 0 | 10 | 92 | 92.00 | 0 | 1 | |
| History - American History | 0 | 1 | 1 | 1 | 5 | 125 | 125.00 | 0 | 1 |
| Science - Biology | 0 | 1 | 1 | 1 | 5 | 119 | 119.00 | 0 | 1 |
| Science - Physics | 0 | 1 | 1 | 0 | 5 | 101 | 101.00 | 0 | 1 |
| Other Science: Computer Science | 0 | 0 | 0 | 0 | 0 | 0.00 | 0 | 0 | |
| Geography | 0 | 0 | 0 | 0 | 0 | 0.00 | 0 | 0 | |
| Literature - British Literature | 0 | 0 | 0 | 0 | 0 | 0.00 | 0 | 0 | |
| Other Science: Earth Science | 0 | 0 | 1 | 0 | -5 | 0.00 | 0 | 0 | |
| Other Science: Astronomy | 0 | 0 | 1 | 0 | -5 | 0.00 | 0 | 0 | |
| Science - Chemistry | 0 | 0 | 1 | 0 | -5 | 0.00 | 0 | 0 | |
| Religion | 0 | 0 | 1 | 0 | -5 | 0.00 | 0 | 0 |